02342cam a2200241 a 450000500170000000800410001702000150005804000420007304100130011508200190012810000310014724501870017826000690036530001080043450000450054250400730058750512370066065000300189765000260192765000330195371000830198671000310206920171003161406.0930702s1993 njuabf b 001 0 eng  a0691085692 cDLCdDLC$dOrLoBaCO-BoIAVHdCO-BoIAVH1 aenghpor0 a598.0981bS56b1 aSick, Helmutd1910-eautor10aBirds in Brazil :ba natural history /cHelmut Sick ; ilustrado por Paul Barruel con placas a color por Paul Barruel y John P. O'Neill ; traducido del portugués por William Belton. aPrinceton, N.J. (EE.UU.) : bPrinceton University Press,cc1993. axvii, 703 páginas, [47] páginas de placas :bilustraciones (algunas a color) y mapas ;c29 x 23 cm. aTraducción de: Ornitologia brasileira. aIncluye referencias bibliográficas: páginas 643-649 e índices.20tForeword (to the Brazilian edition) /rAristides Azevedo Pacheco Leao --tA Discrete Wise Man /rCarlos Drummond de Andrade --tExpressions of Appreciation --gCh. 1.tThe Country and Its Birds.g1.1.tMorphoclimatic Domains.g1.2.tTerrain Types and Their Avifauna.g1.3.tPrincipal Habitats of Brazilian Birds --gCh. 2.tA Short History of Ornithology in Brazil, from The Sixteenth Century to the Early Twentieth Century --gCh. 3.tConservation in Brazil.g3.1.tHistory of Conservation in Brazil.g3.2.tConservation Units.g3.3.tThe Minimal Critical Size of Ecosystems Projects.g3.4.tConservation Problems, Especially in Amazonia.g3.5.tAtlantic Forest and Calcareous Forest.g3.6.tReforestation, Faunal Dependence and Environmental Preservation.g3.7.tPollution: Birds as Bioindicators.g3.8.tIllegal Trade in Birds: New Perspectives.g3.9.tNew Orientation --gCh. 4.tBiogeography and Speciation /rJurgen Haffer --gCh. 5.tThe Birds.g5.1.tBirds of the Neotropics.g5.2.tFossil Birds /rHerculano Alvarenga.g5.3.tCategories of Brazilian Birds.g5.4.tPopulation Analyses and Biodiversity.g5.5.tSources.tIllustrated Guide to the Orders and Families of Brazilian Birds --gCh. 6.tFamily and Species Accounts.26aAvesxTaxonomíazBrasil26aOrnitologíazBrasil 0aAvesxConservaciónzBrasil20aInternational Council for Bird Preservation.bPan American Continental Section20aCompanhia Vale do Rio Doce